Surat-surat Rasulullah yang menggegar dunia : Sejarah politik,diplomasi,dakwah dunia serta pembentukan peribadi dan pola fikir islamb /

Bibliographic Details
Format: Book
Published: Selangor: Kharisma Network, 2011.
Subjects:
LEADER 00609cam a2200169 7i4500
001 0000014099
005 20151104090000.0
005 ##20151104114500.0
003 ##MY-KlINT
020 # # |a 9789675029509  
039 # 9 |y 201511041145  |z VLOAD 
090 0 0 |a 297.63   |b MUK 
245 0 0 |a Surat-surat Rasulullah yang menggegar dunia :   |b Sejarah politik,diplomasi,dakwah dunia serta pembentukan peribadi dan pola fikir islamb /   |c Mukhlas Al-Syarkumi Al-Falohi. 
260 # # |a Selangor:   |b Kharisma Network,   |c 2011. 
300 # # |a vii,178ms:   |b il;   |c 21sm. 
650 # 0 |a Prophets,Pre-Islamic  
999 |a 1110067294  |b BOOK  |c Main Non-Fiction  |e INTAN BK